000 00518nam a2200169 4500
001 117683
003 ES-MaACL
005 20230906190941.0
007 t|
008 070214s1967 sp r ||||1| spa d
100 1 _aPapaioannou, Kostas.
_988863
245 1 3 _aEl marxismo, ideología fría /
_cKostas Papaioannou ; traducción de José Miguel Velloso.
260 _aMadrid :
_bGuadarrama,
_c1967.
300 _a202 p. ;
_c18 cm.
700 1 _aVelloso, José Miguel.
_9113857
852 _aES-MaACL
_jC-33876
_bR.64597
999 _c117683
_d117683